Ganarse el puesto y superar con éxito el periodo de prueba /
Contenido: 1) Primera impresión no hay más que una; 2) Cumplir las expectativas; 3) El proceso de adaptación; 4) Gestión eficaz de la comunicación.
Zapisane w:
| 1. autor: | |
|---|---|
| Kolejni autorzy: | |
| Format: | Książka |
| Język: | hiszpański |
| Wydane: |
Madrid, España :
Díaz de Santos,
2008, c2008
|
| Hasła przedmiotowe: | |
| Etykiety: |
Nie ma etykietki, Dołącz pierwszą etykiete!
|
MARC
| LEADER | 00000nam^a2200000^a^4500 | ||
|---|---|---|---|
| 001 | 000328189 | ||
| 005 | 20250521000000.0 | ||
| 009 | 20260310113859.019 | ||
| 020 | |a 978-84-7978-852-0 | ||
| 037 | |a Acervo ITESO - Biblioteca | ||
| 041 | |a ESP | ||
| 082 | |a 658. 3112 |b RUB | ||
| 100 | |a Rubio, Angeles |e (autor) | ||
| 245 | 1 | 0 | |a Ganarse el puesto y superar con éxito el periodo de prueba / |c A. Rubio ; pról. de C. Mercado Idoeta. |
| 264 | 4 | |a Madrid, España : |b Díaz de Santos, |c 2008, c2008 | |
| 300 | |a 133 p. | ||
| 336 | |a texto |b txt |2 rdacontenido | ||
| 337 | |a sin mediación |b n |2 rdamedio | ||
| 338 | |a volumen |b nc |2 rdasoporte | ||
| 520 | |a Contenido: 1) Primera impresión no hay más que una; 2) Cumplir las expectativas; 3) El proceso de adaptación; 4) Gestión eficaz de la comunicación. | ||
| 649 | |a XX | ||
| 650 | |a Selección y Contratación de Personal - |x Tema Principal | ||
| 650 | |a Comunicación Organizacional | ||
| 650 | |a Recursos Marinos | ||
| 650 | |a Psicología Laboral | ||
| 650 | |a Ciencias Administrativas | ||
| 700 | |a Mercado Idoeta, Carmelo |e (prólogo) | ||
| 910 | |a Fondo General | ||
| 920 | |a Impresos - Libros | ||
| 930 | |a Colección General | ||
| 905 | |a 101 | ||
| 901 | |a 0500217424 |b IT1 |c ACC |i C134523 |u 20250521 | ||
| 902 | |a https://opac.biblio.iteso.mx/vufind/Record/000328189 | ||